<?xml version="1.0" encoding="UTF-8"?>
<record
    xmlns:xsi="http://www.w3.org/2001/XMLSchema-instance"
    xsi:schemaLocation="http://www.loc.gov/MARC21/slim http://www.loc.gov/standards/marcxml/schema/MARC21slim.xsd"
    xmlns="http://www.loc.gov/MARC21/slim">

  <leader>02162nam a22003257a 4500</leader>
  <datafield tag="999" ind1=" " ind2=" ">
    <subfield code="c">21762</subfield>
    <subfield code="d">21762</subfield>
  </datafield>
  <controlfield tag="003">AR-CdUCM</controlfield>
  <controlfield tag="008">190425b           ||||| |||| 00| 0 spa d</controlfield>
  <datafield tag="040" ind1=" " ind2=" ">
    <subfield code="a">MUNICIPALIDAD PROVINCIAL DEL CUSCO</subfield>
    <subfield code="c">BIBLIOTECA MUNICIPAL DEL CUSCO</subfield>
  </datafield>
  <datafield tag="082" ind1=" " ind2=" ">
    <subfield code="a">Rev.Univ/N&#xB0;108/1955</subfield>
  </datafield>
  <datafield tag="110" ind1=" " ind2=" ">
    <subfield code="a">Universidad Nacional de San Antonio Abad del Cusco</subfield>
    <subfield code="9">15942</subfield>
  </datafield>
  <datafield tag="245" ind1=" " ind2=" ">
    <subfield code="a">Revista Universitaria :</subfield>
    <subfield code="b">&#xD3;rgano de la Universidad del Cuzco /</subfield>
  </datafield>
  <datafield tag="260" ind1=" " ind2=" ">
    <subfield code="a">Cusco :</subfield>
    <subfield code="b">H.G. Rozas,</subfield>
    <subfield code="c">1955.</subfield>
  </datafield>
  <datafield tag="300" ind1=" " ind2=" ">
    <subfield code="a">333 p&#xE1;ginas. :</subfield>
    <subfield code="c">20 cm.</subfield>
  </datafield>
  <datafield tag="440" ind1=" " ind2=" ">
    <subfield code="a">Revista Universitaria</subfield>
    <subfield code="n">A&#xF1;o XLIV, 1&#xB0; semestre 1955, N&#xB0;108.</subfield>
    <subfield code="9">46001</subfield>
  </datafield>
  <datafield tag="505" ind1=" " ind2=" ">
    <subfield code="a">Contenido: Poder adquisitivo del sol peruano en la ciudad del Cuzco. Gustavo N&#xFA;&#xF1;ez del Prado. -- Un estudio sobre la conciencia y lo extraconciente. Daniel E. Castillo. -- La substancia del mundo. Humberto Vidal Unda. -- Las fuentes de est&#xE9;tica. Domingo Velasco Astete. -- Aplicaciones del m&#xE9;todo del ion electr&#xF3;n. Oswaldo Baca Mendoza. -- La Ccollpa. Juvenal Salas Rodr&#xED;guez. -- Un caso de la sinopsis occipito atloidea. Juvenal Pezo Benavente. -- El f&#xF3;sil Glyptodonte hallado en el Cuzco. Carlos Kalafatovich. -- Apuntes para una Ornitolog&#xED;a cuzque&#xF1;a. Jorge Ch&#xE1;vez Chaparro. -- Las papas subperuanas. C&#xE9;sar Vargas. -- La verdadera posici&#xF3;n sistem&#xE1;tica del Inga Feuillei DC (pacae). Felipe Mar&#xED;n Moreno. -- Elaboraci&#xF3;n y an&#xE1;lisis estad&#xED;stico de la natalidad leg&#xED;tima e ileg&#xED;tima en el distrito del Cuzco. -- Procedimiento de demostraci&#xF3;n de proposiciones de Geometr&#xED;a basado en las propiedades de los segmentos orientados. Isaac Velasco Quintanilla.</subfield>
  </datafield>
  <datafield tag="650" ind1=" " ind2=" ">
    <subfield code="a">Econom&#xED;a cusque&#xF1;a</subfield>
    <subfield code="9">9131</subfield>
  </datafield>
  <datafield tag="650" ind1=" " ind2=" ">
    <subfield code="a">Psicolog&#xED;a</subfield>
    <subfield code="9">1538</subfield>
  </datafield>
  <datafield tag="650" ind1=" " ind2=" ">
    <subfield code="a">Paleontolog&#xED;a</subfield>
    <subfield code="9">23320</subfield>
  </datafield>
  <datafield tag="650" ind1=" " ind2=" ">
    <subfield code="a">Bot&#xE1;nica cusque&#xF1;a</subfield>
    <subfield code="9">45807</subfield>
  </datafield>
  <datafield tag="700" ind1=" " ind2=" ">
    <subfield code="a">N&#xFA;&#xF1;ez del Prado, Gustavo</subfield>
    <subfield code="9">24114</subfield>
  </datafield>
  <datafield tag="700" ind1=" " ind2=" ">
    <subfield code="a">Vidal Unda, Humberto</subfield>
    <subfield code="9">45978</subfield>
  </datafield>
  <datafield tag="700" ind1=" " ind2=" ">
    <subfield code="a">Baca Mendoza, Oswaldo</subfield>
    <subfield code="9">29966</subfield>
  </datafield>
  <datafield tag="700" ind1=" " ind2=" ">
    <subfield code="a">Salas Rodr&#xED;guez, Juvenal</subfield>
    <subfield code="9">46002</subfield>
  </datafield>
  <datafield tag="700" ind1=" " ind2=" ">
    <subfield code="a">Kalafatovich, Carlos</subfield>
    <subfield code="9">45994</subfield>
  </datafield>
  <datafield tag="700" ind1=" " ind2=" ">
    <subfield code="a">Ch&#xE1;vez Chaparro, Jorge</subfield>
    <subfield code="9">45974</subfield>
  </datafield>
  <datafield tag="700" ind1=" " ind2=" ">
    <subfield code="a">Velasco Quintanilla, Isaac</subfield>
    <subfield code="9">46003</subfield>
  </datafield>
  <datafield tag="710" ind1=" " ind2=" ">
    <subfield code="a">Universidad Nacional de San Antonio Abad del Cusco</subfield>
    <subfield code="9">15942</subfield>
  </datafield>
  <datafield tag="942" ind1=" " ind2=" ">
    <subfield code="2">ddc</subfield>
    <subfield code="c">PP</subfield>
  </datafield>
  <datafield tag="945" ind1=" " ind2=" ">
    <subfield code="a">rac</subfield>
  </datafield>
  <datafield tag="952" ind1=" " ind2=" ">
    <subfield code="0">0</subfield>
    <subfield code="2">ddc</subfield>
    <subfield code="4">0</subfield>
    <subfield code="7">0</subfield>
    <subfield code="a">HEM</subfield>
    <subfield code="b">HEM</subfield>
    <subfield code="c">CART</subfield>
    <subfield code="d">2021-07-12</subfield>
    <subfield code="g">10.00</subfield>
    <subfield code="o">Rev.Univ/N&#xB0;108/1955</subfield>
    <subfield code="p">REVC000148</subfield>
    <subfield code="r">2021-07-12</subfield>
    <subfield code="y">PP</subfield>
  </datafield>
  <datafield tag="952" ind1=" " ind2=" ">
    <subfield code="0">0</subfield>
    <subfield code="2">ddc</subfield>
    <subfield code="4">0</subfield>
    <subfield code="7">0</subfield>
    <subfield code="a">HEM</subfield>
    <subfield code="b">HEM</subfield>
    <subfield code="c">CART</subfield>
    <subfield code="d">2021-07-12</subfield>
    <subfield code="g">10.00</subfield>
    <subfield code="o">Rev.Univ/N&#xB0;108/1955/e.2</subfield>
    <subfield code="p">REVC000149</subfield>
    <subfield code="r">2021-07-12</subfield>
    <subfield code="y">PP</subfield>
  </datafield>
  <datafield tag="952" ind1=" " ind2=" ">
    <subfield code="0">0</subfield>
    <subfield code="2">ddc</subfield>
    <subfield code="4">0</subfield>
    <subfield code="7">0</subfield>
    <subfield code="a">HEM</subfield>
    <subfield code="b">HEM</subfield>
    <subfield code="c">CART</subfield>
    <subfield code="d">2021-07-12</subfield>
    <subfield code="g">10.00</subfield>
    <subfield code="o">Rev.Univ/N&#xB0;108/1955/e.3</subfield>
    <subfield code="p">REVC000150</subfield>
    <subfield code="r">2021-07-12</subfield>
    <subfield code="y">PP</subfield>
  </datafield>
</record>
